书目信息 |
| 题名: |
人本方略
|
|
| 作者: | 李宝元 著 | |
| 分册: | ||
| 出版信息: | 北京 经济科学出版社 2003 |
|
| 页数: | 493页 | |
| 开本: | 26cm | |
| 丛书名: | ||
| 单 册: | ||
| 中图分类: | D035.2 | |
| 科图分类: | ||
| 主题词: | 人事管理学 | |
| 电子资源: | ||
| ISBN: | 7-5058-3686-2 | |
| 000 | 00978nam0 2200265 4500 | |
| 001 | 192004003632 | |
| 005 | 20070914095718.20 | |
| 010 | @a7-5058-3686-2@dCNY47.00 | |
| 100 | @a20070602d2003 ekmy0chiy0121 ea | |
| 101 | 0 | @achi |
| 102 | @aCN@b110000 | |
| 105 | @aak a 000yy | |
| 200 | 1 | @a人本方略@Aren ben fang lue@e现代公共人力资源开发与管理通论@f李宝元著 |
| 210 | @a北京@c经济科学出版社@d2003 | |
| 215 | @a493页@c图@d26cm | |
| 300 | @a其他题名:现代公共人力资源开发与管理通论 | |
| 300 | @a中国版公共人力资源管理MPA读本 | |
| 320 | @a有书目 (第487-493页) | |
| 330 | @a本书共分A、B两篇,共八章内容,紧紧围绕“人本方略”这一主题,全景式地展现和介绍了现代公共人力资源开发与管理的精要思想方法、典型运作案例和精炼操作技术。 | |
| 517 | 1 | @a现代公共人力资源开发与管理通论@Axian dai gong gong ren li zi yuan kai fa yu guan li tong lun |
| 606 | 0 | @a人事管理学 |
| 690 | @aD035.2@v4 | |
| 701 | 0 | @a李宝元@Ali bao yuan@4著 |
| 801 | 0 | @aCN@c20070914 |
| 905 | @dD035.2@eL128 | |
| 人本方略:现代公共人力资源开发与管理通论/李宝元著.-北京:经济科学出版社,2003 |
| 493页:图;26cm |
| 其他题名:现代公共人力资源开发与管理通论.-中国版公共人力资源管理MPA读本 |
| ISBN 7-5058-3686-2:CNY47.00 |
| 本书共分A、B两篇,共八章内容,紧紧围绕“人本方略”这一主题,全景式地展现和介绍了现代公共人力资源开发与管理的精要思想方法、典型运作案例和精炼操作技术。 |
| ● |
| 相关链接 |
|
|
|
正题名:人本方略
索取号:D035.2/L128
 
预约/预借
| 序号 | 登录号 | 条形码 | 馆藏地/架位号 | 状态 | 备注 |
| 1 | 626298 | 206262989 | 社科库509/509社科库 68排1列1层/ [索取号:D035.2/L128] | 在馆 |